Poesías Selectas
Gespeichert in:
| 1. Verfasser: | |
|---|---|
| Format: | Buch |
| Sprache: | Undetermined |
| Veröffentlicht: |
París, Francia
Franco Iberoaméricana
[s.f.]
|
| Schlagworte: | |
| Tags: |
Tag hinzufügen
Keine Tags, Fügen Sie den ersten Tag hinzu!
|
MARC
| LEADER | 00000nam a2200000Ia 4500 | ||
|---|---|---|---|
| 008 | 170316s9999 xx 000 0 und d | ||
| 040 | |a cru BVZT | ||
| 090 | |a 860 O-3p | ||
| 100 | |a Olmedo, José Joaquín | ||
| 245 | |a Poesías Selectas | ||
| 260 | |a París, Francia | ||
| 260 | |b Franco Iberoaméricana | ||
| 260 | |c [s.f.] | ||
| 300 | |a 156 páginas | ||
| 650 | |a LITERATURA LATINOAMERICANA | ||
| 999 | |c 9035 |d 9035 | ||
| 942 | |c 15 D |h 860 O-3p |2 z | ||
